Digitální revoluce v Africe: příklad trhu s mobilními penězi
Pojem mobilné peniaze. Rýchly rozvoj mobilných peňazí v Afrike. Analýza podstaty digitálnej revolúcie v Afrike na príklade trhu s mobilnými peniazmi.
Enregistré dans:
| Auteur principal: | |
|---|---|
| Format: | Chapitre de livre |
| Langue: | tchèque |
| Sujets: | |
| Tags: |
Pas de tags, Soyez le premier à ajouter un tag!
|
MARC
| LEADER | 00000naa a2200000 4500 | ||
|---|---|---|---|
| 001 | 0248826 | ||
| 005 | 20220504114158.4 | ||
| 041 | 0 | |a cze | |
| 044 | |a CZ | ||
| 245 | 1 | 0 | |a Digitální revoluce v Africe: příklad trhu s mobilními penězi |c Tereza Němečková |
| 520 | |a Pojem mobilné peniaze. Rýchly rozvoj mobilných peňazí v Afrike. Analýza podstaty digitálnej revolúcie v Afrike na príklade trhu s mobilnými peniazmi. | ||
| 610 | 2 | 0 | |a Afrika |
| 610 | 2 | 0 | |a peniaze elektronické |
| 610 | 2 | 0 | |a digitalizácia |
| 610 | 2 | 0 | |a telefón mobilný |
| 610 | 2 | 0 | |a operátori |
| 610 | 2 | 0 | |a technológie znalostné |
| 610 | 2 | 0 | |a aplikácie mobilné |
| 100 | 1 | |a Němečková, Tereza | |